| 000 | 00936nam a2200241Ia 4500 | ||
|---|---|---|---|
| 999 |
_c35514 _d35514 |
||
| 001 | 1375 | ||
| 003 | GE_BSU | ||
| 005 | 20210224132514.0 | ||
| 008 | 181216s2003||||ru |||||||||||||| ||rus|| | ||
| 020 | _a5769512962 | ||
| 040 | _cGE_BSU | ||
| 041 | _arus | ||
| 080 | _a575(075.8) Щ-86 | ||
| 100 |
_aЩипков, В.П. _910220 |
||
| 245 |
_aОбщая медицинская генетика : _bучебное пособие для студентов высших медицинских вузов / _c В. П. Щипков, Г. Н. Кривошеина. |
||
| 264 |
_aМосква : _bАкадемия, _c2003. |
||
| 300 |
_a256 стр. : _bил., табл. ; _c22 см. |
||
| 653 | _aОбщая медицинская генетика | ||
| 653 | _aსამედიცინო გენეტიკა | ||
| 653 | _aмедицина | ||
| 700 |
_aКривошеина,Г.Н. _eავტორი _910221 |
||
| 942 |
_cBK _2udc |
||